| 000 | 00578nam a2200181Ia 4500 | ||
|---|---|---|---|
| 008 | 090124s9999 xx 000 0 und d | ||
| 082 | _b33234 | ||
| 100 | _aसप्रे मधुवंती | ||
| 245 | _a हसले आधि कुणी | ||
| 250 | _a1 | ||
| 260 |
_bग्रंथाली प्रकाशन _c1995 |
||
| 300 | _a47 | ||
| 600 | _aसप्रे मधुवंती | ||
| 630 | _a हसले आधि कुणी | ||
| 700 | _aसप्रे मधुवंती | ||
| 730 | _a हसले आधि कुणी | ||
| 942 | _cBOOK | ||
| 999 |
_c99156 _d99156 |
||